000 01025nam a2200313 a 4500
001 85596
003 BD-RjUL
005 20250828153414.0
008 250828s1972 ilua b 000 0 eng
035 _a4103053
035 _a(BD-RjUL)85596
040 _aDLC
_cDLC
_dDLC
_dBD-RjUL
_beng
041 _aeng
082 0 0 _223
_a301.20711
_bSPC 1972
100 1 _aSpradley, James P.,
_ecomp.
_916702
245 1 4 _aThe cultural experience :
_bethnography in complex society /
_cJames P. Spradley, David W. McCurdy.
260 _aChicago :
_bScience Research Associates,
_cc1972.
300 _aix, 246 p. :
_bill. ;
_c21 cm.
336 _atext
_btxt
_2rdacontent
337 _aunmediated
_bn
_2rdamedia
338 _avolume
_bnc
_2rdacarrier
504 _aBibliography: p. 241-246.
650 0 _aEthnology
_xFieldwork.
_98078
650 0 _aUrban anthropology.
_916703
650 0 _aEthnology
_xStudy and teaching (Higher)
_916704
700 1 _aMcCurdy, David W.,
_ejoint author.
_916705
942 _2ddc
_cBK
999 _c85596
_d85596